Online
Catalog

Gran atlas McMinn de anatomía humana / (Record no. 28728)

MARC details
000 -CABECERA
campo de control de longitud fija 00657nam a2200193 a 4500
001 - NÚMERO DE CONTROL
campo de control 000029236
005 - FECHA Y HORA DE LA ÚLTIMA TRANSACCIÓN
campo de control 20200930055421.0
008 - DATOS DE LONGITUD FIJA--INFORMACIÓN GENERAL
campo de control de longitud fija 110414s2010 sp a 000 0 spa d
020 ## - NÚMERO INTERNACIONAL ESTÁNDAR DEL LIBRO
Número Internacional Estándar del Libro 9788475550992
040 ## - FUENTE DE LA CATALOGACIÓN
Centro catalogador/agencia de origen DO-SdBNP
Lengua de catalogación spa
Centro/agencia transcriptor BNPHU
082 ## - NÚMERO DE LA CLASIFICACIÓN DECIMAL DEWEY
Número de clasificación xxx
Número de documento/Ítem A159g
100 1# - ENTRADA PRINCIPAL--NOMBRE DE PERSONA
Nombre de persona Abrahams, Peter H.
9 (RLIN) 56133
240 10 - TÍTULO UNIFORME
Título uniforme McMinn´s colour Atlas of human anatomy
Lenguaje de la obra español
245 10 - MENCIÓN DE TÍTULO
Título Gran atlas McMinn de anatomía humana /
Mención de responsabilidad, etc. Peter H. Abrahams, Sandy C. Marks Jr., Ralph Hutchings.
260 ## - PUBLICACIÓN, DISTRIBUCIÓN, ETC.
Lugar de publicación, distribución, etc. Barcelona, España :
Nombre del editor, distribuidor, etc. Oceano-Mosby,
Fecha de publicación, distribución, etc. 2010.
300 ## - DESCRIPCIÓN FÍSICA
Extensión 378 p. :
Otras características físicas il., ;
Dimensiones 29 cm.
700 1# - PUNTO DE ACCESO ADICIONAL--NOMBRE DE PERSONA
Nombre de persona Marks, Sandy C., Jr
9 (RLIN) 56134
700 1# - PUNTO DE ACCESO ADICIONAL--NOMBRE DE PERSONA
Nombre de persona Hutchings, Ralph
9 (RLIN) 56135
Holdings
Estado de retiro Estado de pérdida Restricciones de uso No para préstamo Código de colección Localización permanente Ubicación/localización actual Ubicación en estantería Fecha de adquisición Número de inventario Total de préstamos Signatura topográfica completa Código de barras Fecha visto por última vez Precio válido a partir de Tipo de ítem Koha
        Monografías: Libros y Folletos General General Orden iniciada 14.04.2011 LF1   xxx A159g 29236-10 25.06.2020 25.06.2020 No se presta

Powered by Koha